|
|
|
|
| LEADER |
00000nab a2200000uu 4500 |
| 001 |
vtls011454052 |
| 003 |
SK-MaSNL |
| 005 |
20260303113311.0 |
| 008 |
230121|1968 xo |||||||||||||||||slo| |
| 015 |
|
|
|a SNBRB
|
| 035 |
|
|
|a (urnnbn)urn:nbn:sk:snk:ar-0082v7
|
| 035 |
|
|
|a (uuid)08214655-a7cd-4337-933f-dd0a269314dc
|
| 035 |
|
|
|a urn:nbn:sk:snk-abcpez
|
| 040 |
|
|
|a SNKBUCL
|b slo
|c SNKBUCL
|e AACR2
|
| 041 |
0 |
|
|a slo
|
| 044 |
|
|
|a xo
|c SK
|
| 100 |
1 |
|
|a Kresánek, Jaroslav
|4 aut
|9 279920
|
| 245 |
1 |
0 |
|a PALYNOMORFOLOGICKÁ ŠTÚDIA NIEKTORÝCH DROG SLOVENSKÉHO PÔVODU
|c J. Kresánek, N. Kotljarevská
|
| 700 |
1 |
|
|a Kotljarevská, N.
|4 aut
|9 1126834
|
| 773 |
0 |
|
|t Farmaceutický obzor : odborný časopis Ministerstva zdravotníctva Slovenskej republiky a Slovenskej zdravotníckej univerzity v Bratislave
|g Roč. 37, č. 8 (1968), s. 349-352
|
| 958 |
|
|
|a OND
|
| 958 |
|
|
|a EUIPO
|
| 958 |
|
|
|a article16
|
| 999 |
|
|
|c 1891621
|d 1893551
|